000 00665nam a2200229Ia 4500
008 191130s2009##################000#0#eng##
020 _a9780077339180
040 _aACL
_cACL
082 _a332.6 BOD
100 _aBodie, Zvi
245 _aEssentials of Investments
_cZvi Bodie Alex Kane Alan J. Marcus
250 _a8th ed
260 _aNew York
_bIrwin/McGraw-Hill
_c2009
300 _axxvii, 723p. : ill, col, 30cm
500 _aIncludes bibliographical references and index
650 _aEconomics
700 _aKane, Alex
700 _aMarcus, Alan J
990 _a571c5a03ac10000c241195a7a2b3cfe7
991 _a171335
999 _c176959
_d176959